Statistiques concernant Ballon d’or 2022

Cliquez ici pour prendre le quiz!

Statistiques générales

  • Ce quiz a été pris 297 fois
  • Le résultat moyen est 22 sur 37

Statistiques - réponses

ClassementJoueurPays% Correct
1Benzema🇫🇷
100%
Prix SocratèsMané🇸🇳
96%
2Mané🇸🇳
96%
6Mbappé🇫🇷
96%
7Courtois🇧🇪
95%
Prix YachineCourtois🇧🇪
95%
3De Bruyne🇧🇪
95%
4Lewandowski🇵🇱
93%
Prix MüllerLewandowski🇵🇱
92%
10Haaland🇳🇴
91%
9Modric🇭🇷
89%
20Ronaldo🇵🇹
89%
5Salah🇪🇬
88%
12Mahrez🇩🇿
75%
11Son🇰🇷
75%
Prix KopaGavi🇪🇸
69%
21Kane🏴󠁧󠁢󠁥󠁮󠁧󠁿
68%
8Vinicius Junior🇧🇷
63%
16Van Dijk🇳🇱
57%
22Bernardo Silva🇵🇹
56%
1 (Féminin)Putellas🇪🇸
50%
17Casemiro🇧🇷
48%
22Foden🏴󠁧󠁢󠁥󠁮󠁧󠁿
44%
14Leão🇵🇹
39%
3 (Féminin)Kerr🇦🇺
37%
25Núñez🇺🇾
36%
25Nkunku🇫🇷
35%
13Haller🇨🇮
34%
17Vlahović🇷🇸
34%
25Kimmich🇩🇪
33%
25Cancelo🇵🇹
31%
25Maignan🇫🇷
31%
14Fabinho🇧🇷
22%
17Luis Díaz🇨🇴
21%
25Rüdiger🇩🇪
21%
22Alexander-Arnold🏴󠁧󠁢󠁥󠁮󠁧󠁿
19%
2 (Féminin)Mead🏴󠁧󠁢󠁥󠁮󠁧󠁿
6%

Distribution des résultats

Percentile par nombre de réponses

% des personnes avec chaque résultat

Votre développement - résultats

Vous n’avez pas pris ce quiz